00841 a2200169 4500003000500000005001700005020001500022040000900037082001500046100002600061245011300087250001200200260002000212300000900232505040900241650002100650Nust20221129135128.0 a9814126047 cNust a519.2, TRI aTrivedi,Shrridharbhai aProbabilty and Statistics with Reliability queuing andb Compter Science ApplicationscShrridharbhai,Trivedi a2 nd ed aNYbwileyc2002 a819p aIntroduction (Page-1), Discrete Random Variables (Page-61), Continuous Random Variables (Page-115), Expectation (Page-193), Conditional Distribution and Expectation (Page-247), Stochastic Processes (Page-289), Discrete time Markov Chains (Page-337), Continuous Time Markov Chains (Page-405), Networks of Queues (Page-555), Statistical Inference (Page-637), Regression and Analysis of Variance (Page-727), aComputer Science